Sports Quiz

Random Sports or NFL Quiz

NFL Franchise's Most Wins Against Quiz Stats

 Plays Quiz Updated Sep 30, 2019

Score 0/32 Timer 05:00
0 Plays Today
Team Team(s) with Most Wins Against % Correct
Chicago BearsDetroit Lions
88.2%
Green Bay PackersDetroit Lions
87.1%
Detroit LionsChicago Bears
85.2%
Cincinnati BengalsCleveland Browns
84.3%
Dallas CowboysWashington Redskins
83.8%
Buffalo BillsNew York Jets
83.3%
Baltimore RavensCleveland Browns
80.9%
Minnesota VikingsDetroit Lions
80.6%
New England PatriotsBuffalo Bills
80.5%
New York GiantsWashington Redskins
79.1%
Philadelphia EaglesNew York Giants
77.9%
New York JetsBuffalo Bills
77.8%
Pittsburgh SteelersCleveland Browns
77.7%
Cleveland BrownsPittsburgh Steelers
77.5%
Denver BroncosLos Angeles Chargers
76.7%
Miami DolphinsBuffalo Bills
75.7%
Team Team(s) with Most Wins Against % Correct
Houston TexansJacksonville Jaguars
75.3%
Atlanta FalconsNew Orleans Saints
74.1%
Oakland RaidersDenver Broncos
73%
Carolina PanthersNew Orleans Saints
72.7%
Kansas City ChiefsOakland Raiders, Denver Broncos
72.3%
New Orleans SaintsAtlanta Falcons
71.7%
Los Angeles ChargersKansas City Chiefs
69.4%
San Francisco 49ersLos Angeles Rams
68.5%
Jacksonville JaguarsTennessee Titans
64.2%
Washington RedskinsPhiladelphia Eagles
63.2%
Los Angeles RamsSan Francisco 49ers
57.8%
Indianapolis ColtsNew York Jets
40.6%
Arizona CardinalsPhiladelphia Eagles
37.9%
Seattle SeahawksLos Angeles Chargers
31.5%
Tampa Bay BuccaneersDetroit Lions
29.3%
Tennessee TitansCincinnati Bengals
22.3%

You're not logged in!

Compare scores with friends on all Sporcle quizzes.
OR
Log In

Sporcle TV

Today on Sporcle TV


Watch our educational content, quiz creation guides, and fun videos on Sporcle TV.

Show Comments

Extras

Top Quizzes Today


Score Distribution

Your Account Isn't Verified!

In order to create a playlist on Sporcle, you need to verify the email address you used during registration. Go to your Sporcle Settings to finish the process.

Report this User

Report this user for behavior that violates our Community Guidelines.

Details: